Phật giáo và sức khỏe
Guardat en:
| Autor principal: | |
|---|---|
| Format: | Llibre |
| Idioma: | Undetermined |
| Publicat: |
Tp.Hồ Chí Minh
Tổng hợp Tp.Hồ Chí Minh
2004
|
| Matèries: | |
| Etiquetes: |
Afegir etiqueta
Sense etiquetes, Sigues el primer a etiquetar aquest registre!
|
| Thư viện lưu trữ: | Trung tâm Học liệu Trường Đại học Cần Thơ |
|---|
| LEADER | 00565nam a2200181Ia 4500 | ||
|---|---|---|---|
| 001 | CTU_90805 | ||
| 008 | 210402s9999 xx 000 0 und d | ||
| 082 | |a 613.7 | ||
| 082 | |b A105p | ||
| 100 | |a Dương Quốc An | ||
| 245 | 0 | |a Phật giáo và sức khỏe | |
| 245 | 0 | |c Dương Quốc An; Công Sĩ biến dịch | |
| 260 | |a Tp.Hồ Chí Minh | ||
| 260 | |b Tổng hợp Tp.Hồ Chí Minh | ||
| 260 | |c 2004 | ||
| 650 | |a buddhism,physical fitness | ||
| 904 | |i Tuyến | ||
| 980 | |a Trung tâm Học liệu Trường Đại học Cần Thơ | ||